=LDR 00000nam 2200000 4500 =001 001037 =005 20250712032848 =035 ##$$a 0010-0725000916 =007 ta =008 250712################a##########0#ind## =020 ##$$a 978-623-118-809-0 =082 ##$$a 398.209 598 =084 ##$$a 398.209 598 LAI a =100 #$$a Laila =245 1#$$a Aya dan Kacamata Kak Livi /$c Laila =250 ##$$a Cetakan Pertama =260 ##$$a Jakarta Timur :$b Badan Pengenbangan dan Pembinaan Bahasa,$c 2024 =300 ##$$a 24 hlm. : $b ilus. ; $c 29,7 cm =650 #4$$a Cerita Anak-Indonesia =650 #4$$a Cerita Berganbar =856 ##$$a TBM As Suhada =990 ##$$a TBM202400968